[Event "2BLW 2122 SF Neuberg - SG Porz"]
[Site "?"]
[Date "2022.07.03"]
[Round "10.3"]
[White "Suvorov, Alexander"]
[Black "Bethke, Richard"]
[Result "1-0"]
[WhiteElo "2348"]
[BlackElo "2366"]
[PlyCount "67"]
[EventDate "2022.??.??"]

1. d4 Nf6 2. c4 e6 3. Nc3 Bb4 4. e3 O-O 5. Nge2 c6 6. a3 Ba5 7. Qc2 d5 8. Ng3
Nbd7 9. Be2 Bc7 10. O-O a5 11. Rd1 Qe7 12. e4 dxe4 13. Ncxe4 Nxe4 14. Nxe4 f5
15. Ng3 Nf6 16. Bf3 Ra6 17. Re1 Qd6 18. Qc3 Rd8 19. Rd1 f4 20. c5 Qe7 21. Ne4
Nd5 22. Qc4 e5 23. dxe5 Bxe5 24. Nd6 Be6 25. Nxb7 Qxb7 26. Qe2 Bg4 27. Bxg4 Re8
28. Bh5 Re7 29. Qc2 Ra8 30. Bf3 Rb8 31. Qc4 Qb3 32. Qxb3 Rxb3 33. Rxd5 Bc7 34.
Rd1 1-0

[Event "2BLW 2122 SF Neuberg - SG Porz"]
[Site "?"]
[Date "2022.07.03"]
[Round "10.4"]
[White "Wahedi, Ahmad Siar"]
[Black "Korotkjevich, Stanislav"]
[Result "0-1"]
[WhiteElo "2280"]
[BlackElo "2350"]
[PlyCount "90"]
[EventDate "2022.??.??"]

1. e4 g6 2. d4 Bg7 3. Nf3 c6 4. c4 d6 5. Nc3 Bg4 6. Be3 Nd7 7. Qd2 Bxf3 8. gxf3
Ngf6 9. Be2 Qc7 10. f4 c5 11. e5 cxd4 12. Nb5 Qc6 13. O-O-O dxe3 14. Qxe3 dxe5
15. fxe5 O-O 16. exf6 Nxf6 17. Nc3 a6 18. Qxe7 Rfe8 19. Qd6 Qxd6 20. Rxd6 Ne4
21. Nxe4 Rxe4 22. Kd2 Rae8 23. Bd3 Rf4 24. Rf1 Bxb2 25. Rb6 Bd4 26. Rxb7 Bxf2
27. Rd7 Re5 28. Kc2 Be3 29. Rxf4 Bxf4 30. h3 a5 31. Rd5 Rxd5 32. cxd5 Kf8 33.
Bb5 Ke7 34. Kd3 f5 35. Kd4 Bd6 36. Ke3 Kf6 37. Be8 Ke5 38. Bf7 a4 39. Bg8 h6
40. Bf7 g5 41. Be8 a3 42. Bf7 g4 43. hxg4 fxg4 44. Kf2 Kf4 45. Be8 Kg5 0-1

[Event "2BLW 2122 SF Neuberg - SG Porz"]
[Site "?"]
[Date "2022.07.03"]
[Round "10.5"]
[White "Suvorov, Luca"]
[Black "Kuenstler, Christian"]
[Result "1-0"]
[WhiteElo "2296"]
[BlackElo "2272"]
[PlyCount "61"]
[EventDate "2022.??.??"]

1. d4 d5 2. c4 e6 3. Nc3 Nf6 4. cxd5 exd5 5. Bg5 Be7 6. e3 O-O 7. Bd3 Re8 8.
Qc2 h6 9. Bh4 c5 10. dxc5 d4 11. Rd1 Nc6 12. Nge2 Bxc5 13. O-O dxc3 14. Bh7+
Nxh7 15. Bxd8 Nxd8 16. Nxc3 Be6 17. Qa4 Nc6 18. Nd5 Rec8 19. Rc1 Bf8 20. e4 Nf6
21. Nxf6+ gxf6 22. f4 f5 23. h3 Rd8 24. exf5 Bxf5 25. Rfd1 Bg7 26. Rxd8+ Rxd8
27. Rd1 Bd4+ 28. Kh1 Be4 29. Qb5 Rd7 30. Qh5 f5 31. Qe8+ 1-0

[Event "2BLW 2122 SF Neuberg - SG Porz"]
[Site "?"]
[Date "2022.07.03"]
[Round "10.6"]
[White "Schaffer, Hendrik"]
[Black "Braun, Christian"]
[Result "0-1"]
[WhiteElo "2246"]
[BlackElo "2428"]
[PlyCount "76"]
[EventDate "2022.??.??"]

1. d4 Nf6 2. c4 g6 3. Nc3 Bg7 4. e4 d6 5. Nf3 O-O 6. Be2 e5 7. O-O Nbd7 8. Be3
Qe7 9. Qc2 c6 10. d5 c5 11. Bg5 h5 12. g3 a6 13. a4 Qe8 14. Nh4 Nh7 15. Bd2 Bf6
16. Ng2 Qe7 17. Ne3 h4 18. f4 hxg3 19. hxg3 exf4 20. gxf4 Bd4 21. Bf3 f5 22.
Kg2 Ndf6 23. exf5 Bxe3 24. fxg6 Bxd2 25. gxh7+ Qxh7 26. Qxd2 Bh3+ 27. Kg1 Bxf1
28. Rxf1 Rf7 29. Rf2 Rg7+ 30. Rg2 Re8 31. a5 Ree7 32. Rxg7+ Rxg7+ 33. Kf1 Ng4
34. Qe2 Nh2+ 35. Ke1 Rg1+ 36. Kf2 Rf1+ 37. Qxf1 Nxf1 38. Kxf1 Qc2 0-1

[Event "2BLW 2122 SF Neuberg - SG Porz"]
[Site "?"]
[Date "2022.07.03"]
[Round "10.7"]
[White "Malykin, Vitaly"]
[Black "Seifert, Christopher"]
[Result "1/2-1/2"]
[WhiteElo "2333"]
[BlackElo "2317"]
[PlyCount "49"]
[EventDate "2022.??.??"]

1. Nf3 g6 2. e4 Bg7 3. d4 c6 4. Bd3 d6 5. O-O Bg4 6. c3 e5 7. Nbd2 Ne7 8. Qb3
Qc7 9. Bc4 O-O 10. dxe5 Bxe5 11. Nxe5 dxe5 12. h3 Bd7 13. a4 Na6 14. Qa3 Rae8
15. Nf3 Kg7 16. Be3 Nc8 17. Bxa6 bxa6 18. Bc5 Rg8 19. Rad1 f6 20. a5 Be6 21. b4
Rd8 22. Qc1 Nd6 23. Qe3 Nc4 24. Qe2 Kf7 25. Rfe1 1/2-1/2

[Event "2BLW 2122 SF Neuberg - SG Porz"]
[Site "?"]
[Date "2022.07.03"]
[Round "10.8"]
[White "Bethke, Robert"]
[Black "Marcziter, Dmitrii"]
[Result "1/2-1/2"]
[WhiteElo "2070"]
[BlackElo "2254"]
[PlyCount "55"]
[EventDate "2022.??.??"]

1. d4 d5 2. c4 e6 3. Nc3 c5 4. cxd5 exd5 5. Nf3 Nc6 6. e3 Nf6 7. dxc5 Bxc5 8.
Be2 O-O 9. O-O a6 10. a3 Qd6 11. b4 Ba7 12. Bb2 Rd8 13. Qc2 Qe7 14. Rfe1 Bg4
15. Rad1 h6 16. Qb3 Be6 17. Nd4 Nxd4 18. exd4 Rac8 19. Na4 Bb8 20. Nc5 Ne4 21.
g3 Bf5 22. Bf3 Rc6 23. Nxe4 dxe4 24. d5 Rcd6 25. Qc4 Re8 26. Qd4 f6 27. Bg2 b5
28. Qe3 {(=)} 1/2-1/2

[Event "2BLW 2122 SG Solingen II - SC Hansa Dor"]
[Site "?"]
[Date "2022.07.03"]
[Round "10.1"]
[White "Kotter, Ralf"]
[Black "Krastev, Alexander"]
[Result "0-1"]
[WhiteElo "2348"]
[BlackElo "2432"]
[PlyCount "132"]
[EventDate "2022.??.??"]

1. e4 c5 2. Nf3 Nc6 3. Bb5 g6 4. Bxc6 bxc6 5. O-O Bg7 6. Re1 Nf6 7. e5 Nd5 8.
Nc3 O-O 9. Ne4 d6 10. h3 dxe5 11. Nxc5 Qd6 12. Ne4 Qc7 13. d3 c5 14. Ned2 Bb7
15. Nc4 f6 16. Qe2 Rad8 17. Bd2 Rd7 18. a3 Nb6 19. Ba5 Bd5 20. Nfd2 Qb7 21.
Bxb6 axb6 22. f3 Bh6 23. a4 Qc6 24. Qf2 Ra8 25. b3 Bf7 26. Rad1 Rd4 27. Na3
Rad8 28. Nb5 R4d7 29. Nc4 Bg7 30. Qe2 h5 31. Nd2 Bh6 32. Nf1 Kg7 33. h4 Qa8 34.
Ra1 Qa5 35. Qf2 Bd5 36. Ne3 Bf7 37. Nf1 Ra8 38. Re2 Bd5 39. Qe1 Qb4 40. Ne3
Bxe3+ 41. Rxe3 Bc6 42. Qxb4 cxb4 43. Ree1 Ra5 44. Rac1 Bxb5 45. axb5 Rxb5 46.
Re4 Rd4 47. Rce1 Kf7 48. Kf2 Rc5 49. R1e2 e6 50. Ke3 Rcd5 51. Kd2 Rxe4 52. fxe4
Ra5 53. Re1 f5 54. Ke3 Ra2 55. Kd2 Kf6 56. Rf1 Ra5 57. Ke3 Rc5 58. Rf2 g5 59.
g3 Rc7 60. hxg5+ Kxg5 61. Kf3 fxe4+ 62. Kxe4 Kg4 63. Rf8 Rg7 64. Kxe5 Kxg3 65.
Rh8 h4 66. Kxe6 Rg4 0-1

[Event "2BLW 2122 SG Solingen II - SC Hansa Dor"]
[Site "?"]
[Date "2022.07.03"]
[Round "10.3"]
[White "Zelt, Jens"]
[Black "Zolfagharian, Kevin"]
[Result "1/2-1/2"]
[WhiteElo "2082"]
[BlackElo "2246"]
[PlyCount "47"]
[EventDate "2022.??.??"]

1. d4 Nf6 2. Nf3 e6 3. c3 c5 4. Bf4 d5 5. e3 Bd6 6. Bg3 Qc7 7. Nbd2 Nc6 8. Be2
O-O 9. Bxd6 Qxd6 10. O-O e5 11. dxe5 Nxe5 12. Nxe5 Qxe5 13. Qa4 Bd7 14. Qh4
Rfe8 15. Bf3 Rad8 16. Rfd1 g5 17. Qg3 Qxg3 18. hxg3 g4 19. Be2 d4 20. cxd4 cxd4
21. Nf1 Bf5 22. Bc4 d3 23. f3 d2 24. Kf2 {(=)} 1/2-1/2

[Event "2BLW 2122 SG Solingen II - SC Hansa Dor"]
[Site "?"]
[Date "2022.07.03"]
[Round "10.4"]
[White "Berg, Michael"]
[Black "Krueger, Simon"]
[Result "1-0"]
[WhiteElo "2290"]
[BlackElo "1994"]
[PlyCount "53"]
[EventDate "2022.??.??"]

1. d4 Nf6 2. c4 c5 3. d5 b5 4. cxb5 a6 5. b6 d6 6. Nc3 Qxb6 7. e4 g6 8. a4 Bg7
9. a5 Qc7 10. Bc4 O-O 11. Nge2 Nbd7 12. f4 Rb8 13. Qc2 Kh8 14. O-O Rb4 15. b3
e6 16. dxe6 fxe6 17. Bxe6 Nxe4 18. Nd5 Qb7 19. Nxb4 Bxa1 20. Nd5 Ndf6 21. Bxc8
Rxc8 22. Nb6 Rd8 23. Ba3 Bd4+ 24. Nxd4 cxd4 25. Qd3 Nc3 26. Re1 Re8 27. Rxe8+
1-0

[Event "2BLW 2122 SG Solingen II - SC Hansa Dor"]
[Site "?"]
[Date "2022.07.03"]
[Round "10.5"]
[White "Hillebrand, Carsten"]
[Black "Michalczak, Thomas"]
[Result "0-1"]
[WhiteElo "1990"]
[BlackElo "2258"]
[PlyCount "54"]
[EventDate "2022.??.??"]

1. d4 Nf6 2. Nf3 g6 3. g3 Bg7 4. Bg2 O-O 5. O-O d6 6. b3 Nbd7 7. Bb2 e5 8. dxe5
Ng4 9. c4 dxe5 10. Qc2 Re8 11. Nc3 Nc5 12. Rad1 Bd7 13. b4 Ne6 14. h3 Nh6 15.
c5 Qc8 16. Nd5 f6 17. Rd2 Nf7 18. Rfd1 Nf8 19. Kh2 a5 20. Qc3 axb4 21. Qxb4 Ba4
22. Rc1 Bc6 23. Qb3 Ne6 24. Nb4 Ba4 25. Qc4 Ra5 26. Nd3 Bc6 27. e4 Bh6 0-1

[Event "2BLW 2122 SC Heimbach-Weis-Neuwied - SG"]
[Site "?"]
[Date "2022.07.03"]
[Round "10.2"]
[White "Krejci, Jan"]
[Black "Tkachuk, Konstantyn"]
[Result "1-0"]
[WhiteElo "2508"]
[BlackElo "2251"]
[PlyCount "61"]
[EventDate "2022.??.??"]

1. d4 c5 2. d5 e5 3. e4 d6 4. Be3 g6 5. Qd2 f5 6. exf5 gxf5 7. f4 e4 8. Nc3 Nf6
9. Nh3 a6 10. Be2 Bg7 11. Ng5 Qe7 12. O-O-O Nbd7 13. Ne6 Nf8 14. g4 Nxe6 15.
dxe6 Bxe6 16. Qxd6 Rc8 17. gxf5 Bxf5 18. Rhg1 Qxd6 19. Rxd6 O-O 20. Rg5 Bg6 21.
Rxc5 Rxc5 22. Bxc5 Bh6 23. Bc4+ Kh8 24. Ne2 Bh5 25. Rb6 Bxe2 26. Bxf8 Bxf4+ 27.
Kb1 Nd7 28. Rxb7 Bxc4 29. Rxd7 e3 30. Rd4 e2 31. Bb4 1-0

[Event "2BLW 2122 SC Heimbach-Weis-Neuwied - SG"]
[Site "?"]
[Date "2022.07.03"]
[Round "10.3"]
[White "Werthebach, Felix"]
[Black "Polak, Tomas"]
[Result "1-0"]
[WhiteElo "2201"]
[BlackElo "2509"]
[PlyCount "59"]
[EventDate "2022.??.??"]

1. c4 c6 2. g3 d5 3. Bg2 Nf6 4. Nf3 a6 5. O-O Bg4 6. Ne5 Bh5 7. cxd5 cxd5 8.
Nc3 e6 9. g4 Bg6 10. h4 Bd6 11. d4 Nc6 12. h5 Bxe5 13. dxe5 Nxg4 14. hxg6 hxg6
15. Bf4 Ngxe5 16. Qb3 b5 17. Rac1 Rh4 18. Nxd5 exd5 19. Qe3 Rxf4 20. Qxf4 Ra7
21. Rfd1 Rd7 22. Rc5 g5 23. Qe3 Kf8 24. Rdxd5 f6 25. Qh3 Ke7 26. Qh7 Ke6 27.
Rxc6+ Nxc6 28. Qf5+ Ke7 29. Rxd7+ Qxd7 30. Qc5+ 1-0

[Event "2BLW 2122 SC Heimbach-Weis-Neuwied - SG"]
[Site "?"]
[Date "2022.07.03"]
[Round "10.4"]
[White "Winterberg, Lukas"]
[Black "Hengelbrock, Joachim"]
[Result "1-0"]
[WhiteElo "2387"]
[BlackElo "2287"]
[PlyCount "75"]
[EventDate "2022.??.??"]

1. d4 Nf6 2. Nf3 e6 3. c4 b6 4. g3 Ba6 5. b3 Bb7 6. Bg2 Bb4+ 7. Bd2 a5 8. O-O
O-O 9. Qc1 Be7 10. Nc3 Ne4 11. Rd1 d6 12. d5 Nxd2 13. Rxd2 e5 14. h4 Nd7 15. e4
g6 16. Re2 Bf6 17. Qd2 Bg7 18. h5 Bc8 19. Bh3 Nf6 20. Bxc8 Qxc8 21. hxg6 fxg6
22. Kg2 Nh5 23. Nh2 Rf7 24. Rf1 Qd7 25. f3 Raf8 26. Ref2 Qe7 27. Ng4 Nf6 28.
Nxf6+ Bxf6 29. Ne2 Bg5 30. Qd3 h5 31. f4 exf4 32. gxf4 Bf6 33. Kh1 Bg7 34. Rg1
Re8 35. Rxg6 Qxe4+ 36. Qxe4 Rxe4 37. Ng3 Rexf4 38. Rxf4 1-0

[Event "2BLW 2122 SC Heimbach-Weis-Neuwied - SG"]
[Site "?"]
[Date "2022.07.03"]
[Round "10.5"]
[White "Backwinkel, Paul"]
[Black "Schulz, Klaus-Juergen"]
[Result "1/2-1/2"]
[WhiteElo "2290"]
[BlackElo "2330"]
[PlyCount "20"]
[EventDate "2022.??.??"]

1. Nf3 d5 2. e3 Nf6 3. c4 e6 4. b3 Be7 5. Bb2 O-O 6. Be2 c5 7. cxd5 exd5 8. d4
Nc6 9. dxc5 Bxc5 10. O-O Bg4 {(=)} 1/2-1/2

[Event "2BLW 2122 SC Heimbach-Weis-Neuwied - SG"]
[Site "?"]
[Date "2022.07.03"]
[Round "10.6"]
[White "Ronge, Tim"]
[Black "Wuebker, Paul-Luca"]
[Result "1-0"]
[WhiteElo "2245"]
[BlackElo "2140"]
[PlyCount "65"]
[EventDate "2022.??.??"]

1. b3 d5 2. Bb2 c5 3. Nf3 Nc6 4. e3 Nf6 5. Bb5 Qb6 6. c4 a6 7. Bxc6+ Qxc6 8.
Ne5 Qc7 9. cxd5 Nxd5 10. O-O e6 11. Qg4 h5 12. Qe2 Bd6 13. f4 f6 14. Nc4 Be7
15. a4 b6 16. Nc3 Bb7 17. f5 Rd8 18. fxe6 Rh6 19. Rf5 Nxc3 20. Bxc3 Be4 21. Rf4
Qc6 22. Qf2 b5 23. axb5 axb5 24. Ne5 Qd5 25. Ra7 b4 26. Ba1 Ra8 27. Rxa8+ Qxa8
28. Qf1 Bxg2 29. Qxg2 Qxa1+ 30. Rf1 Qxe5 31. Qc6+ Kf8 32. Qc8+ Bd8 33. Qxd8#
1-0

[Event "2BLW 2122 SC Heimbach-Weis-Neuwied - SG"]
[Site "?"]
[Date "2022.07.03"]
[Round "10.7"]
[White "Mazarov, Juergen"]
[Black "Puth, Dieter"]
[Result "1/2-1/2"]
[WhiteElo "2125"]
[BlackElo "2207"]
[PlyCount "77"]
[EventDate "2022.??.??"]

1. Nf3 Nf6 2. g3 g6 3. Bg2 Bg7 4. d3 O-O 5. e4 c5 6. O-O Nc6 7. c3 d6 8. Re1 e5
9. a3 b5 10. h3 Bb7 11. Be3 h6 12. Nbd2 Re8 13. Qe2 a6 14. b4 cxb4 15. axb4 d5
16. Bc5 dxe4 17. Nxe4 Nxe4 18. dxe4 Bf8 19. Bxf8 Kxf8 20. Nd2 Qc7 21. Nb3 Nd8
22. Rec1 Ne6 23. c4 bxc4 24. Rxc4 Qb6 25. Nc5 Nxc5 26. bxc5 Qb5 27. Bf1 Kg7 28.
Qc2 Rac8 29. Rb1 Qd7 30. Rcb4 Bc6 31. Bxa6 Qxh3 32. Bxc8 Rxc8 33. Qc3 Re8 34.
Qe1 f5 35. Qf1 Qh5 36. f3 fxe4 37. fxe4 Rf8 38. Qg2 Qg4 39. Re1 {(=)} 1/2-1/2

[Event "2BLW 2122 SC Heimbach-Weis-Neuwied - SG"]
[Site "?"]
[Date "2022.07.03"]
[Round "10.8"]
[White "Roos, Thomas"]
[Black "Gluma, Christian"]
[Result "0-1"]
[WhiteElo "2164"]
[BlackElo "2014"]
[PlyCount "62"]
[EventDate "2022.??.??"]

1. d4 g6 2. c4 Bg7 3. Nf3 d6 4. b4 c5 5. b5 Qb6 6. Bb2 Nc6 7. e3 Bg4 8. Qa4
Qa5+ 9. Qxa5 Nxa5 10. Nbd2 b6 11. Bc3 Nb7 12. Bd3 Nf6 13. h3 Bd7 14. Ke2 O-O
15. a4 a5 16. Ne4 Rac8 17. Rhc1 Nxe4 18. Bxe4 Rc7 19. Bxb7 Rxb7 20. dxc5 dxc5
21. Bxg7 Kxg7 22. Ra2 Be6 23. Ng5 Bc8 24. Ne4 Rd8 25. Rd1 Rxd1 26. Kxd1 Be6 27.
Nd2 Rd7 28. Rc2 Bf5 29. Rc3 g5 30. g4 Bg6 31. f4 e6 {(ZÜ)} 0-1

[Event "2BLW 2122 SV Koblenz - SK Münster"]
[Site "?"]
[Date "2022.07.03"]
[Round "10.1"]
[White "Muschik, Benedikt"]
[Black "Schenderowitsch, Michael"]
[Result "1/2-1/2"]
[WhiteElo "2341"]
[BlackElo "2307"]
[PlyCount "26"]
[EventDate "2022.??.??"]

1. d4 e6 2. Bf4 Nf6 3. e3 c5 4. c3 b6 5. Nf3 Be7 6. h3 Bb7 7. Nbd2 Nc6 8. Bd3
O-O 9. O-O d5 10. Qe2 Bd6 11. Bxd6 Qxd6 12. e4 dxe4 13. Nxe4 Nxe4 {(=)} 1/2-1/2

[Event "2BLW 2122 SV Koblenz - SK Münster"]
[Site "?"]
[Date "2022.07.03"]
[Round "10.2"]
[White "Fritsche, Lutz"]
[Black "Wolter, Kai"]
[Result "1-0"]
[WhiteElo "2310"]
[BlackElo "2278"]
[PlyCount "95"]
[EventDate "2022.??.??"]

1. e4 c5 2. Nc3 Nc6 3. f4 g6 4. Nf3 Bg7 5. Bb5 Nd4 6. O-O Nxb5 7. Nxb5 d5 8. e5
a6 9. Nc3 h5 10. d4 c4 11. b3 b5 12. bxc4 bxc4 13. Rb1 Nh6 14. Ba3 Bg4 15. Rb7
Bf8 16. Qb1 Bxf3 17. Rxf3 e6 18. Nb5 Rc8 19. Bd6 Qa5 20. Na7 Bxd6 21. Nxc8 Bc7
22. Nb6 Bxb6 23. Rxb6 O-O 24. c3 Nf5 25. g3 Kg7 26. Kg2 Qa4 27. Rb4 Qc6 28. Qb2
Ra8 29. Qd2 a5 30. Rb1 a4 31. Rff1 a3 32. Kf2 Qa6 33. Rb4 Ra7 34. Rfb1 Qc6 35.
Qc2 Qd7 36. Rb6 Qe7 37. Rb8 Nh6 38. R1b4 g5 39. Qc1 g4 40. Qb1 h4 41. R4b7 Rxb7
42. Qxb7 hxg3+ 43. hxg3 Nf5 44. Qxe7 Nxe7 45. Ra8 Kg6 46. Rxa3 Kf5 47. Ra7 Nc6
48. Rc7 1-0

[Event "2BLW 2122 SV Koblenz - SK Münster"]
[Site "?"]
[Date "2022.07.03"]
[Round "10.3"]
[White "Schmitzer, Klaus"]
[Black "Hammes, Michael"]
[Result "0-1"]
[WhiteElo "2276"]
[BlackElo "2328"]
[PlyCount "94"]
[EventDate "2022.??.??"]

1. e4 e6 2. d4 d5 3. Nd2 a6 4. Ngf3 c5 5. dxc5 Bxc5 6. Bd3 Nc6 7. O-O Nge7 8.
c3 O-O 9. Qe2 Ng6 10. Nb3 Ba7 11. Rd1 dxe4 12. Bxe4 Qc7 13. Be3 Bxe3 14. Qxe3
b6 15. Nbd4 Bb7 16. Nxc6 Bxc6 17. Bxc6 Qxc6 18. Rd4 Rfd8 19. Rad1 Qc7 20. g3
Nf8 21. Qd2 Rxd4 22. Qxd4 f6 23. Qd6 Qc4 24. Nd4 Qxa2 25. Qxb6 Qd5 26. Re1 e5
27. Nf5 Qd7 28. Ne3 Qb5 29. Qd6 Re8 30. b4 Re6 31. Qd2 a5 32. Rb1 axb4 33. Rxb4
Qa6 34. Rb8 Rd6 35. Qb2 Kf7 36. Rb7+ Rd7 37. Rb6 Qa4 38. Rb4 Qa6 39. Qb3+ Qe6
40. c4 e4 41. Rb6 Qe5 42. c5+ Kg6 43. c6 Rd2 44. Kg2 Qh5 45. Nc4 Rd3 46. Qc2
Qf3+ 47. Kh3 Rd5 0-1

[Event "2BLW 2122 SV Koblenz - SK Münster"]
[Site "?"]
[Date "2022.07.03"]
[Round "10.4"]
[White "Wolf, Volker"]
[Black "Chilla, Jan Eric"]
[Result "0-1"]
[WhiteElo "2241"]
[BlackElo "2242"]
[PlyCount "71"]
[EventDate "2022.??.??"]

1. e4 e5 2. Nc3 Nf6 3. Nf3 Nc6 4. g3 d5 5. exd5 Nxd5 6. Bg2 Nxc3 7. bxc3 Bc5 8.
O-O O-O 9. Re1 Qf6 10. d3 h6 11. Be3 Bb6 12. Nd2 Ba5 13. Rb1 Qg6 14. Rb3 Bg4
15. Qa1 Bb6 16. a4 Rad8 17. Rb5 Rfe8 18. Nc4 a6 19. Rbb1 Bxe3 20. Rxe3 Bc8 21.
Rbe1 f6 22. Qa3 Qf7 23. Rb1 Qd7 24. Qc5 Ne7 25. Bxb7 Bxb7 26. Rxb7 Nd5 27. Re1
Qxa4 28. Ne3 Nxe3 29. Rxe3 Rd7 30. Re2 Qa1+ 31. Kg2 Qd1 32. Qc4+ Kh8 33. d4 e4
34. Qxa6 f5 35. Qb5 Rf8 36. Rxe4 0-1

[Event "2BLW 2122 SV Koblenz - SK Münster"]
[Site "?"]
[Date "2022.07.03"]
[Round "10.5"]
[White "Rott, Georg"]
[Black "Repplinger, Marc"]
[Result "0-1"]
[WhiteElo "2170"]
[BlackElo "2217"]
[PlyCount "36"]
[EventDate "2022.??.??"]

1. e4 e6 2. d4 d5 3. Nd2 Be7 4. e5 c5 5. c3 Nc6 6. Ngf3 cxd4 7. cxd4 Nh6 8. Nb3
Qb6 9. Bd3 Nf5 10. O-O Bd7 11. Bb1 a5 12. a4 Rc8 13. g4 Ncxd4 14. Nfxd4 Nxd4
15. Be3 Qxb3 16. Qxd4 Rc4 17. Qa7 Rxg4+ 18. Kh1 d4 0-1

[Event "2BLW 2122 SV Koblenz - SK Münster"]
[Site "?"]
[Date "2022.07.03"]
[Round "10.6"]
[White "Stewart, Neil"]
[Black "Korth, Daniel"]
[Result "1-0"]
[WhiteElo "2243"]
[BlackElo "2184"]
[PlyCount "91"]
[EventDate "2022.??.??"]

1. d4 d5 2. c4 c6 3. cxd5 cxd5 4. Bf4 Nc6 5. e3 Nf6 6. Nc3 Bf5 7. Qb3 Na5 8.
Qa4+ Bd7 9. Qc2 Rc8 10. Nf3 e6 11. Bd3 Be7 12. O-O O-O 13. Ne5 Be8 14. Rac1 a6
15. Bg5 h6 16. Bh4 Nc6 17. Qe2 Nd7 18. Bxe7 Nxe7 19. Nxd7 Bxd7 20. e4 Qb6 21.
Rfd1 Rc7 22. e5 Rfc8 23. Bb1 Bb5 24. Qc2 Rc4 25. Qh7+ Kf8 26. Qh8+ Ng8 27. Bh7
Ke7 28. Bxg8 Qd8 29. Qxg7 Qxg8 30. Qxh6 Qg4 31. h3 Qf5 32. Qe3 Rg8 33. b3 Rcc8
34. Nxb5 axb5 35. Rxc8 Rxc8 36. Rc1 Rc6 37. Rxc6 bxc6 38. Qd2 Qb1+ 39. Kh2 Kd7
40. b4 Qf1 41. g3 Ke8 42. h4 Qb1 43. a3 Qf5 44. Qe3 Kf8 45. Kg2 Qg6 46. Qf3 1-0

[Event "2BLW 2122 SV Koblenz - SK Münster"]
[Site "?"]
[Date "2022.07.03"]
[Round "10.7"]
[White "Wichtrup, Jan-Louis"]
[Black "Bohn, Thomas"]
[Result "1/2-1/2"]
[WhiteElo "2138"]
[BlackElo "2312"]
[PlyCount "45"]
[EventDate "2022.??.??"]

1. d4 e6 2. e4 d5 3. exd5 exd5 4. Nf3 Nf6 5. Bd3 Bd6 6. Qe2+ Qe7 7. Qxe7+ Bxe7
8. Bf4 c5 9. dxc5 Bxc5 10. O-O O-O 11. Nbd2 Nc6 12. c3 Re8 13. h3 Ne4 14. Nb3
Bb6 15. Nbd4 Nc5 16. Bc2 Ne6 17. Rfe1 Ncxd4 18. Nxd4 Bxd4 19. cxd4 Bd7 20. Be3
Bb5 21. Rac1 Red8 22. Bf5 Rdc8 23. Bxe6 {(=)} 1/2-1/2

[Event "2BLW 2122 SV Koblenz - SK Münster"]
[Site "?"]
[Date "2022.07.03"]
[Round "10.8"]
[White "Marquardt, Christian"]
[Black "Weidemann, Jakob"]
[Result "0-1"]
[WhiteElo "2018"]
[BlackElo "2047"]
[PlyCount "120"]
[EventDate "2022.??.??"]

1. d4 Nf6 2. Bg5 Ne4 3. Bf4 d5 4. e3 c5 5. Bd3 Nf6 6. c3 Nc6 7. h3 Qb6 8. Qc1
cxd4 9. exd4 g6 10. Nf3 Bg7 11. Nbd2 O-O 12. O-O Nd7 13. Re1 f6 14. c4 e5 15.
Be3 exd4 16. Bf4 Nce5 17. Bf1 dxc4 18. Nxc4 Nxf3+ 19. gxf3 Qc6 20. Nd6 Ne5 21.
Bxe5 fxe5 22. Qc4+ Qxc4 23. Bxc4+ Kh8 24. Nf7+ Rxf7 25. Bxf7 Bxh3 26. Rac1 d3
27. Rc7 d2 28. Rd1 Bh6 29. Bd5 Rc8 30. Rxc8+ Bxc8 31. Kg2 Bf4 32. Be4 b6 33.
Bd3 Kg7 34. Be2 Bf5 35. a4 Bc2 36. Ra1 Kf6 37. Bd1 Bxd1 38. Rxd1 Ke6 39. Kf1
Kd5 40. Ke2 Kc4 41. a5 Kb3 42. Ra1 Kc2 43. axb6 axb6 44. b4 h5 45. b5 h4 46.
Rh1 h3 47. Rf1 h2 48. Rd1 Kc3 49. Ra1 Kc4 50. Rb1 g5 51. Ra1 Kxb5 52. Kd3 Kc5
53. Rd1 b5 54. Rb1 b4 55. Rd1 Kd5 56. Rb1 Ke6 57. Ke4 Kf6 58. Ra1 Kg6 59. Rb1
Kh5 60. Kf5 Kh4 0-1